| 000 | 00358nam a2200145Ia 4500 | ||
|---|---|---|---|
| 008 | 230312s9999||||xx |||||||||||||| ||und|| | ||
| 020 | _a978-93-325-4988 | ||
| 082 |
_a006.78 _bJAN-N |
||
| 100 | _aBrassard,Gilles | ||
| 245 | 0 | _aFundamentals of Algorithmics | |
| 260 |
_bPearson _aIndia _c2015 |
||
| 300 | _a614 | ||
| 650 |
_aComputer _vComputer |
||
| 942 | _cBK | ||
| 999 |
_c15710 _d15710 |
||